| 000 | 00000nam 2200000za 4500 |
| 001 | 9.816977 |
| 003 | CaOODSP |
| 005 | 20221107142353 |
| 007 | cr ||||||||||| |
| 008 | 160505s2012 xxc |o f|0| 0 eng d |
| 040 | |aCaOODSP|beng |
| 043 | |an-cn--- |
| 086 | 1 |aPE2-11/2012E-PDF |
| 110 | 1 |aCanada.|bPublic Servants Disclosure Protection Tribunal Canada. |
| 245 | 10|aReport on the round table discussion on alternate dispute resolution |h[electronic resource]. |
| 260 | |a[Ottawa] : |bPublic Servants Disclosure Protection Tribunal Canada, |c2012. |
| 300 | |a27 p. |
| 500 | |aJune 21, 2012. |
| 500 | |aIssued also in French under title: Rapport sur la table ronde sur les modes alternatifs de résolution des conflits. |
| 504 | |aIncludes bibliographical references. |
| 692 | 07|2gccst|aConflict resolution |
| 775 | 08|tRapport sur la table ronde sur les modes alternatifs de résolution des conflits |w(CaOODSP)9.816982 |
| 856 | 40|qPDF|s248 KB|uhttps://publications.gc.ca/collections/collection_2016/tpfdc-psdptc/PE2-11-2012-eng.pdf |